01599nam a2200277 a 450000100060000000300090000600800410001501500080005602000180006404000280008204100130011008200160012310000300013924503430016925000120051226000710052430000860059549000300068150001260071150400540083750502320089154100530112365000400117670000220121674000830123825902CO-ViMGA141112s2004 ck r 000 u spa d aNNN a9786071510044 aCO-ViMGAbspacCO-ViMGA aspabeng04a658.5 CH17a1 aChase, Richard B. 1939 - 10aAdministración de operaciones producción y cadena de suministros Richard B. Chase, F. Robert Jacobs y Nicholas J. Aquilano ; revisión técnica Rodolfo Torres Matus, Marco Antonio Montúfar Benítez y Héctor Horton Muñoz ; traductores Pilar Mascaró Sacristán y Martha Elsa Mauri Hernández ; editor Jesús Mares Chacón a13a ed. aMéxico ; Bogotá McGraw - Hill/InterAméricana Editores c2014. axxvii, 780 p. ilustraciones a color, diagramas, fotos, gráficas y tablas 27 cm. aMcGraw - Hill Educación aPublicado anteriormente con el título : Administración de la producción y operaciones para una ventaja competitiva. aIncluye referencias bibliográficas e índices. aSección uno : Estrategia y sustentabilidad. Sección dos : Procesos de manufactura. Sección tres : Procesos de una cadena de suministros. Sección cuatro : Planificacion de oferta y demanda. Sección cinco : programacion 89.600 (c/u) (obra completa); 3 c. + 3 DVD - ROM.14aAdministración de la producción1 aJacobs, F. Robert aAdministración de la producción y operaciones para una ventaja competitiva